Tiếng Anh trong xây dựng và kiến trúc = English on building and architecture
Nội dung tài liệu gồm: 20 bài học tiếng Anh thuộc ngành xây dựng và kiến trúc, ngữ pháp trình bày dưới dạng sơ đồ và công thức: rõ ràng, dễ hiểu. Các thuật ngữ thông dụng nhất trong xây dựng và kiến trúc, các bài tập và đáp án....
Gardado en:
| Autor Principal: | |
|---|---|
| Formato: | Libro |
| Idioma: | Undetermined |
| Publicado: |
Hà Nội
Xây dựng
2009
|
| Những chủ đề: | |
| Các nhãn: |
Engadir etiqueta
Sen Etiquetas, Sexa o primeiro en etiquetar este rexistro!
|
| Thư viện lưu trữ: | Trung tâm Học liệu Trường Đại học Cần Thơ |
|---|
| LEADER | 01054nam a2200217Ia 4500 | ||
|---|---|---|---|
| 001 | CTU_148003 | ||
| 008 | 210402s9999 xx 000 0 und d | ||
| 020 | |c 68000 | ||
| 082 | |a 428.24 | ||
| 082 | |b C125 | ||
| 100 | |a Võ, Như Cầu | ||
| 245 | 0 | |a Tiếng Anh trong xây dựng và kiến trúc = | |
| 245 | 0 | |b English on building and architecture | |
| 260 | |a Hà Nội | ||
| 260 | |b Xây dựng | ||
| 260 | |c 2009 | ||
| 520 | |a Nội dung tài liệu gồm: 20 bài học tiếng Anh thuộc ngành xây dựng và kiến trúc, ngữ pháp trình bày dưới dạng sơ đồ và công thức: rõ ràng, dễ hiểu. Các thuật ngữ thông dụng nhất trong xây dựng và kiến trúc, các bài tập và đáp án. | ||
| 650 | |a English language,Textbooks,Tiếng Anh,Sách chuyên ngành | ||
| 650 | |x Building and architecture,Kiến trúc và xây dựng | ||
| 904 | |i QHieu | ||
| 980 | |a Trung tâm Học liệu Trường Đại học Cần Thơ | ||